|
|
|
|
| LEADER |
00000nab a2200000 a 4500 |
| 001 |
vtls000234409 |
| 003 |
SK-MaSNL |
| 005 |
20260304052342.0 |
| 008 |
250422c1985 xo 0 slo |
| 015 |
|
|
|a SNBRB19rr/mm-uuuuu
|
| 035 |
|
|
|a CL0244523
|
| 035 |
|
|
|a urn:nbn:sk:snk-ab1bn5
|
| 035 |
|
|
|a (urnnbn)urn:nbn:sk:snk:ar-001qwf
|
| 035 |
|
|
|a (uuid)06425492-e408-448b-91c1-9216a1b1feff
|
| 040 |
|
|
|a SNKBUCL
|b slo
|c SNKBUCL
|e AACR2
|
| 041 |
0 |
|
|a cze
|
| 044 |
|
|
|a xo
|c SK
|
| 080 |
|
|
|a 669.71.018:539.389.3
|2 1981
|
| 080 |
|
|
|a 539.389.3
|2 1981
|
| 100 |
1 |
|
|a Černý, Ivo
|4 aut
|9 792238
|
| 245 |
1 |
0 |
|a Nukleace mikrotrhlin ve slitinách Al-Cu-Mg různé čistoty
|b 1. část. Hustota částic intermetalických fází
|c Ivo Černý, Vladimír Sedláček, Jaroslav Polák
|
| 300 |
|
|
|b Obr. 2. Tb. 3. Grafy 2. Res. rus., angl., lit. 14 zázn. v ruš., angl.
|
| 650 |
0 |
7 |
|a zliatiny
|2 snkbucl
|9 78943
|
| 655 |
|
7 |
|a články z novín a časopisov
|2 snkbucl
|9 267496
|
| 700 |
1 |
|
|a Sedláček, Vladimír
|4 aut
|9 391765
|
| 700 |
1 |
|
|a Polák, Jaroslav
|4 aut
|9 679474
|
| 773 |
0 |
|
|t Kovové materiály
|g Roč. 23, č. 5 (1985), s. 619-628
|
| 850 |
|
|
|a Slovenská národná knižnica
|
| 852 |
|
|
|a Slovenská národná knižnica
|
| 954 |
|
|
|a odborná, vedecká literatúra cudzojazyčná (svetová)
|2 lita
|
| 958 |
|
|
|a article27
|
| 958 |
|
|
|a NB
|
| 958 |
|
|
|a RK
|
| 958 |
|
|
|a CZ
|
| 958 |
|
|
|a OND
|
| 958 |
|
|
|a EUIPO
|
| 992 |
|
|
|a RBX
|
| 999 |
|
|
|c 2707913
|d 2709843
|